00491nam a2200097Ia 4500008004100000100007700041245018100118260002700299650001400326856005300340171212s9999 xx 000 0 und d aDaugherty, Lindsay;Goldman, Charles A.;Butterfield, Lindsay;Miller, Trey cDaugherty, Lindsay;Goldman, Charles A.;Butterfield, Lindsay;Miller, TreyaAssessing the Potential to Expand Community College Baccalaureate Programs in TexasbExecutive Summary bRAND Corporationc2014 aEducation uhttp://www.jstor.org/stable/10.7249/j.ctt14bs316